LEADER 01286nam a2200277 a 4500 001 000000115077 003 CaOOAMICUS 005 20090331122845.0 008 090331s2008 it d u000 u ita r 020 $z978-88-7524-151-3* 040 $aPUL$bita$dLDB 245 00$aProtezione delle informazioni :$bprivacy e sicurezza /$cFabio Resta (a cura di) ; contributi di Gianluca Bocci ... [et al.] ; prefazione di Giuseppe Chiaravalloti. 260 $aTorino :$bGiappichelli,$cc2008. 300 $axvi, 475 p. ;$c24 cm. 490 1 $aDiritto e professione 504 $aBibliografia : p. [461]-465. 650 14$aInformazione$xProtezione.$0(OLS)http://pul/subject/34293 700 1 $aBocci, Gianluca.$0(OLS)http://pul/name/71210 700 1 $aDi Resta, Fabio.$0(OLS)http://pul/name/71209 830 0$aDiritto e professione.$0(OLS)http://pul/title/136100 850 $aPUL 852 $aPUL$W1$xSL Diritto e Scienze Sociali 3$y79$m342. 45 DIRFA 1$j131780$qDDC 21$B130758$CPULBib$Z2$F130758 $H109341 $82 941 1 $a9 996 $6020$z978-88-7524-151-3*$9(OLS)http://pul/number/140109 996 $6245$aProtezione delle informazioni :$bprivacy e sicurezza$9(OLS)http://pul/title/144614 996 $6260$aTorino :$bGiappichelli$9(OLS)http://pul/publisher/48244 LEADER 01747namaa2200409 i 4500 001 000000178237 003 CaOOAMICUS 005 20251126171405.0 007 tu 008 251126s2025 it 000 u ita r 020 $a978-88-290-3230-3* 040 $aPUL$bita$erda 082 0 $a270.092 100 1 $aCecchetti, Erica,$eautore.$0(OLS)http://pul/name/114684 245 10$aAntonio Fantosati, un Francescano in Cina (1842-1900) /$cErica Cecchetti ; prefazione di Giuseppe Buffon. 250 $a1.edizione: settembre 2025 264 4$cİ2025. 264 1$aRoma :$bCarocci,$c[2025] 300 $a187 pagine ;$c21 cm 336 $atesto$btxt$2rdacontent 337 $asenza mediazione$bn$2rdamedia 338 $avolume$bnc$2rdacarrier 490 1 $aStudi storici Carocci ;$v465 504 $aBibliografia (pagine 175-186). 610 24$aFrancescani$zCina$xStoria.$0(OLS)http://pul/subject/47063 650 4$aFantosati, Antonio$cbeato$d1842-1900.$0(OLS)http://pul/subject/47062 700 1 $aBuffon, Giuseppe,$co.f.m.,$d1963-,$eautore di introduzione.$0(OLS)http://pul/name/95279 830 0$aStudi storici (Carocci) ;$v465.$0(OLS)http://pul/title/102406 850 $aPUL 852 $aPUL$W1$xSL Religione 3$y85$m270. 092 CECER 1$j202105$qDDC 21$B207329$CPULBib$Z2$F207329 $H138268 $82 941 1 $a9 996 $6020$a978-88-290-3230-3*$9(OLS)http://pul/number/170687 996 $6082$a270.092$9(OLS)http://pul/classification/509 996 $6245$aAntonio Fantosati, un Francescano in Cina (1842-1900)$9(OLS)http://pul/title/219803 996 $6264$aRoma :$bCarocci$9(OLS)http://pul/publisher/66917 996 $6264$a[S.l.] :$b[s.n.]$9(OLS)http://pul/publisher/0